000 00616nam a2200205 i 4500
001 142636
003 ES-MaACL
005 20260529181511.0
007 t|
008 071009s1960 sp ||||1| spa d
100 0 _aVialar, Paul,
_d1898-1996
_9114268
245 1 0 _aClara y sus raptores /
_cPaul Vialar ; [versión castellana de Eusebio Olondriz Raventós].
260 _aBarcelona :
_bG.P.,
_c1960.
300 _a128 p. ;
_c27 cm.
490 1 _aLibros Plaza
700 1 _aOlondriz Raventos, Eusebio.
_987003
830 0 _aLibros Plaza
_9181449
852 _aES-MaACL
_jC-17284
_bR.45582
999 _c142636
_d142636